El vengador rojo / (Registro nro. 4347)

Detalles MARC
000 -LEADER
fixed length control field 01091nam a2200253Ia 4500
003 - CONTROL NUMBER IDENTIFIER
control field OSt
005 - DATE AND TIME OF LATEST TRANSACTION
control field 20250612150114.0
008 - FIXED-LENGTH DATA ELEMENTS--GENERAL INFORMATION
fixed length control field 191128s2018 ck gr 000 j spa d
020 ## - INTERNATIONAL STANDARD BOOK NUMBER
International Standard Book Number 9789583057007
040 ## - CATALOGING SOURCE
Original cataloging agency CO-JMCR
Transcribing agency CO-JMCR
041 ## - LANGUAGE CODE
Language code of text/sound track or separate title spa
082 04 - DEWEY DECIMAL CLASSIFICATION NUMBER
Classification number J-N
Item number VOGt
100 ## - MAIN ENTRY--PERSONAL NAME
Personal name Vogel, Maja von,
Relator term autor
9 (RLIN) 5256
245 13 - TITLE STATEMENT
Title El vengador rojo /
Statement of responsibility, etc. Maja von Vogel
250 ## - EDITION STATEMENT
Edition statement Primera edición
260 ## - PUBLICATION, DISTRIBUTION, ETC.
Place of publication, distribution, etc. Bogotá :
Name of publisher, distributor, etc. Panamericana,
Date of publication, distribution, etc. 2018.
300 ## - PHYSICAL DESCRIPTION
Extent 155 páginas ;
Dimensions 18 cm.
490 ## - SERIES STATEMENT
Series statement Las tres detectives
500 ## - GENERAL NOTE
General note Recomendado de 8 a 12 años.
505 ## - FORMATTED CONTENTS NOTE
Formatted contents note La visita del chef -- ¡Cuidado : un robo! -- Franzi presta declaración -- Interrogatorio en el parque Schiller -- Por una buena vecindad -- Motocicletas y una pista caliente --Los sueños son una ilusión
520 ## - SUMMARY, ETC.
Summary, etc. ¡Un vengador está rondando las calles! Un ladrón roba la mochila de Franzi, y de la nada, sale un motociclista a socorrerla. Toda la ciudad está en crisis : tan pronto como sucede un delito, el Vengador Rojo está allí.
650 ## - SUBJECT ADDED ENTRY--TOPICAL TERM
Topical term or geographic name entry element Cuentos juveniles
9 (RLIN) 607
942 ## - ADDED ENTRY ELEMENTS (KOHA)
Source of classification or shelving scheme Dewey Decimal Classification
Koha item type Books
Existencias
Withdrawn status Lost status Source of classification or shelving scheme Damaged status Not for loan Collection code Home library Current library Date acquired Source of acquisition Cost, normal purchase price Total Checkouts Full call number Barcode Date last seen Date last checked out Copy number Koha item type
    Dewey Decimal Classification     Fiction Biblioteca Pública José María del Castillo y Rada Biblioteca Pública José María del Castillo y Rada 11/28/2019 Donación 0.00 4 J-N VOGt 201809192 11/06/2024 11/05/2024 Ej.1 Books